| 000 | 00655nam a2200229Ia 4500 | ||
|---|---|---|---|
| 003 | OSt | ||
| 005 | 20220927105219.0 | ||
| 006 | a|||||r|||| 00| 0 | ||
| 007 | ta | ||
| 008 | 220926b |||||||| |||| 00| 0 eng d | ||
| 024 | _a187975 | ||
| 037 | _cReference Collections | ||
| 040 |
_aRTL _cRTL _beng |
||
| 041 |
_2eng _aeng |
||
| 082 | _a"X:77, L6/SC" | ||
| 100 |
_aJones Hywel G. _9371028 |
||
| 245 | 0 | _aIntroduction to modern theories of economic growth | |
| 260 |
_aTokyo _bMc Graw-Hill Kogakusha Ltd. _c1976 |
||
| 300 |
_a"xiv,250p" _ccm. |
||
| 942 |
_h"X:77, L6/SC" _cCC |
||
| 999 |
_c691273 _d691273 |
||